<?xml version="1.0" encoding="UTF-8"?>
<record
    xmlns:xsi="http://www.w3.org/2001/XMLSchema-instance"
    xsi:schemaLocation="http://www.loc.gov/MARC21/slim http://www.loc.gov/standards/marcxml/schema/MARC21slim.xsd"
    xmlns="http://www.loc.gov/MARC21/slim">

  <leader>02183nam a2200277 a 4500</leader>
  <controlfield tag="001">000006451</controlfield>
  <controlfield tag="003">DO-SdBNP</controlfield>
  <controlfield tag="005">20260321073638.0</controlfield>
  <controlfield tag="008">090831s2007    dr ac         000 0 spa d</controlfield>
  <datafield tag="020" ind1=" " ind2=" ">
    <subfield code="a">9945406108</subfield>
  </datafield>
  <datafield tag="040" ind1=" " ind2=" ">
    <subfield code="a">DO-SdBNP</subfield>
    <subfield code="b">spa</subfield>
    <subfield code="c">BNPHU</subfield>
  </datafield>
  <datafield tag="049" ind1=" " ind2=" ">
    <subfield code="a">BNPD</subfield>
  </datafield>
  <datafield tag="082" ind1=" " ind2=" ">
    <subfield code="a">305.57293</subfield>
    <subfield code="b">B742c, 2007</subfield>
  </datafield>
  <datafield tag="100" ind1="1" ind2=" ">
    <subfield code="a"> Bosch, Juan, </subfield>
    <subfield code="d">1909-2001</subfield>
    <subfield code="9">76555</subfield>
  </datafield>
  <datafield tag="245" ind1="1" ind2="0">
    <subfield code="a">Composici&#xF3;n social dominicana :</subfield>
    <subfield code="b">historia e interpretaci&#xF3;n /</subfield>
    <subfield code="c">Juan Bosch.</subfield>
  </datafield>
  <datafield tag="250" ind1=" " ind2=" ">
    <subfield code="a">23a ed.</subfield>
  </datafield>
  <datafield tag="260" ind1=" " ind2=" ">
    <subfield code="a">Santo Domingo :</subfield>
    <subfield code="b">Alfa y Omega,</subfield>
    <subfield code="c">2007.</subfield>
  </datafield>
  <datafield tag="300" ind1=" " ind2=" ">
    <subfield code="a">418 p. :</subfield>
    <subfield code="b">il., retr. ;</subfield>
    <subfield code="c">25 cm.</subfield>
  </datafield>
  <datafield tag="505" ind1=" " ind2=" ">
    <subfield code="a">Un pre&#xE1;mbulo necesario -- Origen de las clases sociales en Santo Domingo -- Aparici&#xF3;n y declinaci&#xF3;n de una oligarqu&#xED;a del az&#xFA;car -- De los ingenios a los hatos -- El desarrollo de la sociedad hatera -- La curiosa sociedad de los bucaneros -- La colonia francesa de Saint-Domingue -- El siglo de la miseria -- De la inamovilidad del siglo XVII al dinamismo del siglo XVIII -- Medio siglo de relativo desarrollo -- Santo Domingo en el panorama del Caribe -- La revoluci&#xF3;n haitiana -- El caso de las emigraciones -- El gobierno de los hateros y la sociedad de los cosecheros de tabaco -- Las causas de la invasi&#xF3;n haitiana en 1822 -- La peque&#xF1;a burgues&#xED;a en la historia dominicana -- La peque&#xF1;a burgues&#xED;a contra el poder de los hateros -- 1857-1861. Luchas en el seno de la peque&#xF1;a burgues&#xED;a -- La restauraci&#xF3;n, obra de la peque&#xF1;a burgues&#xED;a -- El largo reinado de la peque&#xF1;a burgues&#xED;a en la vida pol&#xED;tica nacional -- La composici&#xF3;n social y los partidos pol&#xED;ticos de la &#xE9;poca -- El gobierno de los azules o el camino hacia la sociedad burguesa -- De la muerte de Heureaux a la muerte de C&#xE1;ceres -- El imperialismo en acci&#xF3;n -- La composici&#xF3;n social hasta 1930 -- Trujillo, o el paso de la peque&#xF1;a burgues&#xED;a a la burgues&#xED;a -- La composici&#xF3;n social a la muerte de Trujillo.</subfield>
  </datafield>
  <datafield tag="650" ind1=" " ind2="0">
    <subfield code="a">Clases sociales</subfield>
    <subfield code="z">Rep&#xFA;blica Dominicana</subfield>
    <subfield code="9">1062</subfield>
  </datafield>
  <datafield tag="650" ind1=" " ind2="4">
    <subfield code="a">Sociolog&#xED;a</subfield>
    <subfield code="x">Historia</subfield>
    <subfield code="9">414</subfield>
  </datafield>
  <datafield tag="650" ind1=" " ind2="4">
    <subfield code="a">Rep&#xFA;blica Dominicana</subfield>
    <subfield code="x">Historia</subfield>
    <subfield code="9">416</subfield>
  </datafield>
  <datafield tag="651" ind1=" " ind2="4">
    <subfield code="a">Rep&#xFA;blica Dominicana</subfield>
    <subfield code="x">Condiciones Sociales</subfield>
    <subfield code="9">46</subfield>
  </datafield>
  <datafield tag="910" ind1=" " ind2=" ">
    <subfield code="a">Validado. Control de calidad. MMOLINA</subfield>
  </datafield>
  <datafield tag="942" ind1=" " ind2=" ">
    <subfield code="2">ddc</subfield>
    <subfield code="c">LBS1</subfield>
  </datafield>
  <datafield tag="952" ind1=" " ind2=" ">
    <subfield code="0">0</subfield>
    <subfield code="1">0</subfield>
    <subfield code="7">1</subfield>
    <subfield code="8">PD</subfield>
    <subfield code="a">PD</subfield>
    <subfield code="b">PD</subfield>
    <subfield code="c">HD</subfield>
    <subfield code="d">2009-08-31</subfield>
    <subfield code="i">LF1</subfield>
    <subfield code="l">0</subfield>
    <subfield code="o">305.57293 B742c, 2007</subfield>
    <subfield code="p">6451-10</subfield>
    <subfield code="r">2020-06-25</subfield>
    <subfield code="w">2020-06-25</subfield>
    <subfield code="y">LFPD</subfield>
    <subfield code="Z">No se presta</subfield>
  </datafield>
  <datafield tag="952" ind1=" " ind2=" ">
    <subfield code="0">0</subfield>
    <subfield code="1">1</subfield>
    <subfield code="7">1</subfield>
    <subfield code="8">PD</subfield>
    <subfield code="a">PD</subfield>
    <subfield code="b">PD</subfield>
    <subfield code="c">MI</subfield>
    <subfield code="d">2011-03-15</subfield>
    <subfield code="i">LF1</subfield>
    <subfield code="l">0</subfield>
    <subfield code="o">305.57293 B742c, 2007</subfield>
    <subfield code="p">6451-20</subfield>
    <subfield code="r">2020-06-25</subfield>
    <subfield code="t">e. 2</subfield>
    <subfield code="w">2020-06-25</subfield>
    <subfield code="y">LFPD</subfield>
    <subfield code="Z">No se presta</subfield>
  </datafield>
  <datafield tag="999" ind1=" " ind2=" ">
    <subfield code="c">6245</subfield>
    <subfield code="d">6245</subfield>
  </datafield>
</record>
